Flags of the 10 oldest countries in the world - Statistics

General Stats
  • This quiz has been taken 36 times
  • The average score is 9 of 10
Answer Stats
Picture Answer % Correct
India
100%
Iran
100%
Japan
100%
China
97%
Egypt
97%
Greece
97%
Georgia
91%
Afghanistan
88%
Ethiopia
88%
San Marino
88%
No matching quizzes found
Score Distribution
Percent of People with Each Score
Percentile by Number Answered
Your Score History
You have not taken this quiz